000 01071cam a2200301 a 4500
001 4415711
003 ARRUPE
005 20150916112430.0
008 930720s1994 ncu b 001 0deng
010 _a 93029583
020 _a0822314371 (pbk. : acidfree paper)
020 _a0822314339
040 _aDLC
_cDLC
_dDLC
050 0 0 _aQC174.17
_bC63 1994
082 0 0 _a149
_220
100 1 _aPlotnitsky, Arkady.
_919713
245 1 0 _aComplementarity :
_banti-epistemology after Bohr and Derrida /
_cArkady Plotnitsky.
260 _aDurham :
_bDuke University Press,
_c1994.
300 _a324 p. ;
_c24 cm.
504 _aIncludes bibliographical references (p. [297]-308) and index.
600 1 0 _aBohr, Niels,
_d1885-1962.
_911372
600 1 0 _aDerrida, Jacques.
_919714
650 0 _aComplementarity (Physics)
_911373
650 0 _aEconomics.
_919715
906 _a7
_bcbc
_corignew
_d1
_eocip
_f19
_gy-gencatlg
942 _2lcc
_cMONOGRAPH
999 _c123369
_d123369